| 000 | 00809cam a2200265 4500 | ||
|---|---|---|---|
| 008 | |||
| 049 | _aMAIN | ||
| 090 |
_aQH434 _bHAY |
||
| 100 | 1 | _aHayes, William. | |
| 245 | 1 | 4 |
_aThe genetics of bacteria and their viruses ; _bstudies in basic genetics and molecular biology / _cWilliam Hayers |
| 250 | _a2d ed. | ||
| 260 |
_aNew York : _bWiley , _c[1968] |
||
| 300 |
_axvi, 925 p. : _bill. (part col.), ; _c23 cm. |
||
| 504 | _aIncludes bibliographical references. | ||
| 650 | 0 | _aMicrobial genetics. | |
| 650 | 0 | _aMolecular genetics. | |
| 650 | 2 | _aBacteria | |
| 650 | 2 | _aGenetics, Microbial | |
| 650 | 2 | _aBacteriophages. | |
| 907 |
_a.b10013787 _b26-01-16 _c17-04-03 |
||
| 003 | |||
| 005 | 20230123122203.0 | ||
| 040 | _cNUST | ||
| 942 |
_cBOOKS _kQH434 _mHAY |
||
| 999 |
_c129312 _d129312 |
||